00709nam a22002057a 450000500170000001000150001702000260003203500140005803700130007208200130008524500580009826000310015627000670018730000200025450000410027470000160031594200270033199900190035895201260037720180622120800.0 aENG-123294 c1450.00a978181523662 aEN-106826 bDBAD/PUB a370.1523 aLearning and school education/cedited by Najma Begum aJaipurbBook Enclavec2015 aF-11,S.S. Tower, Dhamani Street, Chaura Rasta,bJaipure302003 a296p.c22cm(Hb) ait includes bibliography [and] index aNajma Begum 2ddccENmLEAh370.1523 c152958d152958 001040718NFICaDBADbLd2018-06-22eDBAD/PUBg1450.00l0o370.1523 LEApEN-106826r2018-06-22 00:00:00t1v1450.00yEN